1436 1026 1929 1887 1006 1226 1905 1101 1509 1354 1366 1694 1841 1214 1879 1835 1292 1890 1006 1665 1992 1391 1908 1698 1076 1547 1243 1328 1028 1238 1239 1222 1935 1753 1888 1956 1309 1774 1839 1633 1523 1358 1420 1850 1228 1356 1161 2000 1690 1037 1170 1456 1338 1696 1702 1092 1509 1992 1136 1378 1929 1834 1313 1185 1586 1581 1215 1235 1268 1731 1260 1195 1274 1698 1028 1777 1811 1047 1443 1126 1456 1785 1745 1224 1952 1984 1779 1982 1366 1464 1756 1352 1851 1689 1633 1323 1522 1760 1128 BCNSPRNW ULIB Ver.6.0+V

เปลี่ยนเป็นภาษาไทย

Change to English
 แสดงรายละเอียดบรรณานุกรม
  กลับหน้าหลัก

Brief Record : Get Marc (ISO 2709) : E-mail record : QR code < ปิดหน้าต่าง
LEADER : 00000nam 2200000uu 4500
001    13399112220
003     ULIB
008    110627s2543||||th 000 0 tha d
060  4 WY3^bพ241ส 2543
110 1  คณะพยาบาลศาสตร์ มหาวิทยาลัยธรรมศาสตร์
245 00 สรุปผลการประชุมโครงการพัฒนาหลักสูตรพยาบาลศาสตร์ด้านการส่งเสริมสุขภาพ/^cคณะพยาบาลศาสตร์ มหาวิทยาลัยธรรมศาสตร์
260    กรุงเทพฯ :^bคณะพยาบาลศาสตร์ มหาวิทยาลัยธรรมศาสตร์,^c2543
300    117 หน้า
650  7 การบริการเพื่อส่งเสริมสุขภาพ
650  7 การส่งเสริมสุขภาพ
650  7 แผนงานส่งเสริมสุขภาพ
945    ^p0^l0^i013127
945    ^p0^l0^i013128
995    ทศพร
999 ^a ใช้งานได้ทุกระบบ
รายการนี้ยังไม่มีแท็ก
คุณยังไม่ได้ล็อกอิน คุณสามารถมีกิจกรรมร่วมกับเว็บไซต์ได้ แต่ต้องล็อกอินก่อน ::
  ล็อกอิน

รายการสื่อสารสนเทศ

ลำดับที่ ประเภท เลขเรียก/บาร์โค้ด สถานที่ สถานะ
- ไม่พบข้อมูล -

รายการใกล้เคียง
    หัวเรื่อง [การส่งเสริมสุขภาพ]

BibComment


ยังไม่เคยถูกคอมเมนท์

คอมเมนท์ทรัพยากรรายการนี้
  คอมเมนท์: สรุปผลการประชุมโค..


 Copyright 2026. Bcnsprnw @Library